000 00700nam a2200265Ia 4500
003 OSt
005 20221006142524.0
006 a|||||r|||| 00| 0
007 ta
008 221006b |||||||| |||| 00| 0 eng d
020 _c
_3.75
024 _a6,522
037 _cTextual
040 _aEASL
_cEASL
_beng
041 _2eng
_aeng
082 _aY:1v41.NII, L2
100 _aHARRISON John A Ed.
_9647869
245 0 _aChina
_b Enduring shcolorship etc. Vol.1
260 _aTucson
_bUniversity of Arizona Press
_c1972
300 _a230p.
_ccm.
490 _v 1 CEL
650 _aCEL
942 _hY:1v41.NII, L2
_cTEXL
_2CC
999 _c1074608
_d1074608